000 00420nam a2200157Ia 4500
003 GCL
008 140319s9999 xx 000 0 eng d
040 _aGCL /
_cGCL
082 0 4 _aREF
_b031
_bL C
245 1 0 _aTHE CONCISE COLUMBIA ENCYCLOPEDIA
260 _a[S.N] :
_bMACMILLAN PUBLISHING COMPANY ،
_c1983
300 _a943 P
650 0 4 _aDICTIONARIES
650 0 4 _aDICTIONARIES - ENGLISH - FRENCH
942 _2ddc
_cBK
999 _c18463
_d18463